000 00318nam a2200133 i 4500
001 bg
100 1 _aLJUBOV, B. Ja.
245 0 _aTeorija kristallizacii w bolsich obemach /
_cB.Ja. Ljubov.
260 _aMoskva,
_c1975.
040 _cBPK
041 _apol
942 _cKS
008 s pl f |000 0 pol
999 _c27439
_d27439
856 _uhttp://koha.tu.koszalin.pl/cgi-bin/koha/opac-detail.pl?biblionumber=27439
_yKatalog online BPK